000 00680nam a2200265Ia 4500
001 16799
003 GE_BSU
008 181216s||||||||xx |||||||||||||| ||und||
020 _a9781471507885
040 _cGE_BSU
080 _a811.111(075.8)
100 _aEvans, Virginia. Dooley,Jenny
245 _aPrime Time 5. American English. Teacher's edition
260 _aNewbury
260 _bExpress Publishing
260 _c2013
300 _a120p.ill.30cm.
300 _e+Cd5 (Version 1)
541 _h47Gel.52T.
653 _aAmerican English
653 _aPrime Time
653 _aTeacher's edition
653 _aინგლისური ენა
942 _cBK
999 _c49864
_d49864